Audítoría: un enfoque práctico (Registro nro. 5741)
[ vista simple ]
| 000 -CABECERA | |
|---|---|
| campo de control de longitud fija | 01108aam a2200373 4500 |
| 005 - FECHA Y HORA DE ACTUALIZACIÓN | |
| campo de control | 20220128095941.0 |
| 008 - LONGITUD FIJA | |
| campo de control de longitud fija | 150519b xxu||||| |||| 00| 0 spa d |
| 041 ## - IDIOMA | |
| Código de idioma del texto/pista de sonido o título separado | |
| 082 ## - CLASIFICACIÓN DECIMAL DEWEY | |
| Número de clasificación | 657.45 T275au |
| 100 ## - AUTOR PERSONAL | |
| Nombre de persona | Tellez Trejo, Benjamín Rolando |
| 245 ## - TÍTULO PROPIAMENTE DICHO | |
| Título | Audítoría: un enfoque práctico |
| 260 ## - PIE DE IMPRENTA | |
| Lugar de publicación, distribución, etc. | México |
| 260 ## - PIE DE IMPRENTA | |
| Nombre del editor, distribuidor, etc. | Learning |
| 260 ## - PIE DE IMPRENTA | |
| Fecha de publicación, distribución, etc. | 2004 |
| 300 ## - DESCRIPCIÓN FÍSICA | |
| Extensión | 445 páginas |
| 650 ## - Materia General | |
| Materia general | AUDITORÍA |
| 650 ## - Materia General | |
| Materia general | VALORES EN LA AUDITORÍA |
| 650 ## - Materia General | |
| Materia general | RESPONSABILIDADES PROFESIONALES |
| 650 ## - Materia General | |
| Materia general | NORMAS DE AUDITORÍA |
| 650 ## - Materia General | |
| Materia general | FIRMA DE CONTADORES |
| 650 ## - Materia General | |
| Materia general | CRONOGRAMAS |
| 650 ## - Materia General | |
| Materia general | CONTADURIA PÚBLICA |
| 650 ## - Materia General | |
| Materia general | CONTADOR PÚBLICO |
| 650 ## - Materia General | |
| Materia general | METODOLOGÍA DE LA AUDITORÍA |
| 650 ## - Materia General | |
| Materia general | PLANEACIÓN |
| 650 ## - Materia General | |
| Materia general | SUPERVISIÓN |
| 650 ## - Materia General | |
| Materia general | PROGRAMAS DE AUDITORIAS |
| 650 ## - Materia General | |
| Materia general | CONTROL INTERNO |
| 650 ## - Materia General | |
| Materia general | ÉTICA PROFESIONAL |
| 650 ## - Materia General | |
| Materia general | EVIDENCIA |
| 650 ## - Materia General | |
| Materia general | PAPELES DE TRABAJO |
| 650 ## - Materia General | |
| Materia general | PROGRAMAS DE AUDITORIAS |
| 942 ## - Punto de Acceso Adicional Koha | |
| Tipo de ítem Koha | Libro |
| Estado perdido | Estado dañado | No para préstamo | Biblioteca permanente | Biblioteca actual | Signatura completa | Código de barras | Precio efectivo a partir del | Tipo de ítem |
|---|---|---|---|---|---|---|---|---|
| Departamento de Biblioteca y Documentación Alfonso Chase Brenes | Departamento de Biblioteca y Documentación Alfonso Chase Brenes | 657.45 T275au | 14800 | 02/03/2016 | Libro |